00323nam a2200121Ia 4500008004100000020001800041041000800059100003000067245004800097260002900145300000800174999001900182230822s2016 xx 000 0 und d a9790000000000 aeng aFREDERICK M. AND MEHTA V. a101 THINGS I LEARNED IN URBAN DESIGN SCHOOL bTHREE RIVERS PRESSc2016 a424 c859887d859887